[Event "Subotica-ch op"]
[Site "Subotica"]
[Date "2020.03.02"]
[Round "4"]
[White "Kovacs Sztriko, Zoltan"]
[Black "Janjusevic, Branislav"]
[Result "1/2-1/2"]
[WhiteElo "2065"]
[BlackElo "1918"]
[PlyCount "38"]
[EventDate "2020.02.24"]
[EventType "swiss"]
[EventRounds "9"]
[EventCountry "SRB"]
[SourceTitle "CBM 195 Extra"]
[Source "ChessBase"]
[SourceDate "2020.05.31"]
[SourceVersion "1"]
[SourceVersionDate "2020.05.31"]
[SourceQuality "1"]

1. d4 d5 2. c4 e6 3. Nc3 Nf6 4. Bg5 Be7 5. e3 0-0 6. Nf3 c5 7. Be2 a6 8. cxd5 cxd4 9. Nxd4 Nxd5 10. Bxe7 Nxe7 11. 0-0 Bd7 12. Qb3 Qc7 13. Bf3 Nbc6 14. Nxc6 Bxc6 15. Bxc6 Nxc6 16. Rfd1 Rfd8 17. h3 h6 18. Rac1 Rxd1+ 19. Rxd1 Rd8 1/2-1/2

[Event "Backa Topola-ch"]
[Site "Backa Topola"]
[Date "2019.12.06"]
[Round "6"]
[White "Radovic, Goran"]
[Black "Janjusevic, Branislav"]
[Result "1-0"]
[WhiteElo "1810"]
[BlackElo "1923"]
[PlyCount "63"]
[EventDate "2019.11.25"]
[EventType "swiss"]
[EventRounds "9"]
[EventCountry "SRB"]
[SourceTitle "CBM 193 Extra"]
[Source "ChessBase"]
[SourceDate "2020.01.31"]
[SourceVersion "1"]
[SourceVersionDate "2020.01.31"]
[SourceQuality "1"]

1. d4 d5 2. c4 e6 3. Nc3 Nf6 4. Bg5 Be7 5. e3 c5 6. Nf3 cxd4 7. exd4 0-0 8. Bd3 Nc6 9. 0-0 a6 10. c5 b5 11. Rc1 Qc7 12. Re1 Bb7 13. g3 Rad8 14. Bb1 g6 15. Bf4 Qc8 16. Bh6 Rfe8 17. h4 Ng4 18. Bf4 f5 19. Ne2 Bf6 20. Bd6 e5 21. dxe5 Ncxe5 22. Nfd4 Bc6 23. b4 Nc4 24. Bf4 Bg7 25. Qd3 Ba8 26. Bc2 Nge5 27. Qb3 Nc6 28. Red1 Be5 29. Bxe5 Rxe5 30. Nxc6 Bxc6 31. Nd4 Rde8 32. Qf3 1-0

[Event "Backa Topola-ch"]
[Site "Backa Topola"]
[Date "2019.11.29"]
[Round "3"]
[White "Janjusevic, Branislav"]
[Black "Korosi, Nandor"]
[Result "1-0"]
[WhiteElo "1923"]
[BlackElo "1616"]
[PlyCount "85"]
[EventDate "2019.11.25"]
[EventType "swiss"]
[EventRounds "9"]
[EventCountry "SRB"]
[SourceTitle "CBM 193 Extra"]
[Source "ChessBase"]
[SourceDate "2020.01.31"]
[SourceVersion "1"]
[SourceVersionDate "2020.01.31"]
[SourceQuality "1"]

1. e4 e5 2. Nf3 d6 3. d4 exd4 4. Bc4 h6 5. 0-0 Nf6 6. e5 dxe5 7. Nxe5 Be6 8. Re1 Be7 9. Bxe6 fxe6 10. Ng6 Rg8 11. Nf4 Nc6 12. Nxe6 Qd6 13. Bf4 Qd7 14. Nxc7+ Kf7 15. Nxa8 Rxa8 16. Qf3 Rc8 17. c3 dxc3 18. Nxc3 Qf5 19. Rad1 g5 20. Bg3 Qxf3 21. gxf3 Bb4 22. Ne4 Kg6 23. Re3 Na5 24. Nxf6 Kxf6 25. a3 Bf8 26. Kg2 Nc4 27. Re4 Kg6 28. Rd7 Nxb2 29. Rxb7 Nc4 30. Rxa7 Nxa3 31. Ra6+ Kh5 32. h4 Nb5 33. hxg5 hxg5 34. Ra5 Nd6 35. Rh4+ Kg6 36. Rh8 Nf7 37. Ra6+ Kf5 38. Rg8 Rd8 39. Ra7 Kf6 40. Ra6+ Kf5 41. Rgg6 Be7 42. Rgb6 Ne5 43. Re6 1-0

[Event "Senta op 23rd"]
[Site "Senta"]
[Date "2019.07.22"]
[Round "5"]
[White "Janjusevic, Branislav"]
[Black "Matkovic, Simana"]
[Result "1/2-1/2"]
[WhiteElo "1963"]
[BlackElo "1943"]
[PlyCount "82"]
[EventDate "2019.07.19"]
[EventType "swiss"]
[EventRounds "9"]
[EventCountry "SRB"]
[SourceTitle "EXT 2020"]
[Source "ChessBase"]
[SourceDate "2019.10.17"]
[SourceVersion "1"]
[SourceVersionDate "2019.10.17"]
[SourceQuality "1"]

1. e4 c5 2. Nf3 d6 3. d4 cxd4 4. Nxd4 Nf6 5. Bd3 a6 6. c4 Bg4 7. Ne2 Nc6 8. f4 g6 9. 0-0 Bg7 10. h3 Bxe2 11. Qxe2 Nb4 12. Nc3 Nxd3 13. Qxd3 0-0 14. Be3 Nd7 15. Rad1 Nc5 16. Qc2 Qe8 17. Nd5 Rc8 18. f5 Nd7 19. Qb3 Nf6 20. Nb6 Rc7 21. Qd3 Qc6 22. fxg6 Qxe4 23. gxf7+ Rxf7 24. Qxe4 Nxe4 25. Rxf7 Kxf7 26. b3 Be5 27. Bd4 Bxd4+ 28. Rxd4 Nc3 29. Rh4 Kg7 30. a4 Rc6 31. a5 Rc5 32. Rg4+ Kf7 33. Rh4 Kg7 34. b4 Rf5 35. Nc8 Re5 36. Rg4+ Kf7 37. Nb6 Rf5 38. g3 Na2 39. Rh4 Kg7 40. Rg4+ Kf7 41. Rh4 Kg7 1/2-1/2

[Event "Subotica City-ch"]
[Site "Subotica"]
[Date "2019.03.08"]
[Round "6"]
[White "Smit, Jovan"]
[Black "Janjusevic, Branislav"]
[Result "0-1"]
[WhiteElo "1801"]
[BlackElo "1957"]
[PlyCount "64"]
[EventDate "2019.02.25"]
[EventType "swiss"]
[EventRounds "9"]
[EventCountry "SRB"]
[SourceTitle "CBM 189 Extra"]
[Source "ChessBase"]
[SourceDate "2019.06.03"]
[SourceVersion "1"]
[SourceVersionDate "2019.06.03"]
[SourceQuality "1"]

1. e4 d5 2. exd5 Nf6 3. d4 Nxd5 4. Bc4 e6 5. Nf3 Bd6 6. 0-0 0-0 7. Nbd2 c6 8. Ne4 Bc7 9. c3 h6 10. Bb3 f5 11. Ng3 a5 12. Ne5 Nd7 13. f4 N7f6 14. c4 Ne7 15. Qd3 b5 16. Rd1 bxc4 17. Bxc4 Nfd5 18. b3 Bd6 19. Qf3 Qb6 20. Kh1 a4 21. Be3 Bxe5 22. Nxf5 Rxf5 23. Qh3 Bxf4 24. Bxf4 Rxf4 25. Qh5 Bd7 26. Qe5 Raf8 27. h3 axb3 28. axb3 Qc7 29. Qh5 Nf5 30. Kg1 Nxd4 31. Rac1 Qb6 32. Kh2 Qb8 0-1

[Event "Subotica City-ch"]
[Site "Subotica"]
[Date "2019.02.25"]
[Round "1"]
[White "Janjusevic, Branislav"]
[Black "Mamuzic, Dane"]
[Result "1-0"]
[WhiteElo "1957"]
[BlackElo "1543"]
[PlyCount "91"]
[EventDate "2019.02.25"]
[EventType "swiss"]
[EventRounds "9"]
[EventCountry "SRB"]
[SourceTitle "CBM 189 Extra"]
[Source "ChessBase"]
[SourceDate "2019.06.03"]
[SourceVersion "1"]
[SourceVersionDate "2019.06.03"]
[SourceQuality "1"]

1. e4 d5 2. exd5 Qxd5 3. Nc3 Qa5 4. d4 Nf6 5. Bd3 Bg4 6. f3 Bh5 7. Nge2 e6 8. 0-0 Nc6 9. Be3 0-0-0 10. Qe1 Bb4 11. a3 Bxc3 12. bxc3 Rd7 13. Qf2 a6 14. Bd2 Bg6 15. Nc1 Bxd3 16. Nxd3 h5 17. Rfb1 h4 18. Nc5 b5 19. Nxd7 Kxd7 20. h3 Qa4 21. Be1 g5 22. Qe2 Nd5 23. Qd1 Ne3 24. Qc1 Nc4 25. Rb3 f6 26. Bf2 Nb6 27. Rb4 Qa5 28. Rb3 e5 29. Be1 Nc4 30. dxe5 N6xe5 31. Qd1+ Kc8 32. Qd5 Nb6 33. Qe6+ Nbd7 34. Bf2 Qa4 35. Rb4 Qa5 36. Bd4 Kd8 37. Qd5 Ke7 38. Bc5+ Nxc5 39. Qxc5+ Kd8 40. Qd5+ Ke7 41. Qc5+ Kd8 42. Rd4+ Kc8 43. Rad1 c6 44. Qa7 Qc7 45. Qa8+ Qb8 46. Rd8+ 1-0

[Event "Palic Karadzic Memorial op"]
[Site "Palic"]
[Date "2017.11.02"]
[Round "8"]
[White "Janjusevic, Branislav"]
[Black "Stojanovski, Zdravko"]
[Result "0-1"]
[WhiteElo "1918"]
[BlackElo "2040"]
[PlyCount "52"]
[EventDate "2017.10.28"]
[EventType "swiss"]
[EventRounds "9"]
[EventCountry "SRB"]
[SourceTitle "CBM 181 Extra"]
[Source "ChessBase"]
[SourceDate "2017.12.12"]
[SourceVersion "1"]
[SourceVersionDate "2017.12.12"]
[SourceQuality "1"]

1. e4 Nc6 2. Nf3 e6 3. d4 d5 4. exd5 exd5 5. c3 Bd6 6. Bd3 Nge7 7. 0-0 0-0 8. h3 Bf5 9. Be3 Qd7 10. Bxf5 Nxf5 11. Qd3 f6 12. Nbd2 Nce7 13. c4 c6 14. c5 Bc7 15. b4 Rae8 16. Rfe1 Ng6 17. a4 Nfh4 18. Rab1 f5 19. Nxh4 Nxh4 20. f3 Bg3 21. Bf2 Bxf2+ 22. Kxf2 f4 23. Kg1 Qd8 24. b5 Qg5 25. Re2 Re3 26. Ne4 dxe4 0-1

[Event "Palic Karadzic Memorial op"]
[Site "Palic"]
[Date "2017.11.01"]
[Round "6"]
[White "Janjusevic, Branislav"]
[Black "Puhalo, Zdravko"]
[Result "1-0"]
[WhiteElo "1918"]
[BlackElo "2073"]
[PlyCount "41"]
[EventDate "2017.10.28"]
[EventType "swiss"]
[EventRounds "9"]
[EventCountry "SRB"]
[SourceTitle "CBM 181 Extra"]
[Source "ChessBase"]
[SourceDate "2017.12.12"]
[SourceVersion "1"]
[SourceVersionDate "2017.12.12"]
[SourceQuality "1"]

1. e4 d6 2. d4 Nf6 3. Nc3 g6 4. Be2 Bg7 5. Be3 c6 6. f4 e6 7. Nf3 Qa5 8. 0-0 Ng4 9. Bd2 Qb6 10. Na4 Qc7 11. h3 Nf6 12. Nc3 a6 13. a4 0-0 14. Be3 d5 15. e5 Nfd7 16. b4 a5 17. b5 c5 18. b6 Qc6 19. Rb1 c4 20. Rb5 Na6 21. Rb2 1-0

[Event "Palic Karadzic Memorial op"]
[Site "Palic"]
[Date "2017.10.28"]
[Round "1"]
[White "Farkas, Tibor"]
[Black "Janjusevic, Branislav"]
[Result "1-0"]
[WhiteElo "2315"]
[BlackElo "1918"]
[PlyCount "107"]
[EventDate "2017.10.28"]
[EventType "swiss"]
[EventRounds "9"]
[EventCountry "SRB"]
[SourceTitle "CBM 181 Extra"]
[Source "ChessBase"]
[SourceDate "2017.12.12"]
[SourceVersion "1"]
[SourceVersionDate "2017.12.12"]
[SourceQuality "1"]

1. e4 d5 2. exd5 Nf6 3. d4 Nxd5 4. Nf3 e6 5. c4 Nf6 6. Nc3 c6 7. g3 Be7 8. Bg2 0-0 9. 0-0 Na6 10. Qe2 Bd7 11. Rd1 Nc7 12. Ne5 Re8 13. Bf4 Bf8 14. Rd3 Re7 15. Rad1 h6 16. h4 Be8 17. g4 Nh7 18. g5 f6 19. g6 fxe5 20. gxh7+ Kxh7 21. dxe5 Qc8 22. Ne4 Bg6 23. Nd6 Qb8 24. Be4 Bxe4 25. Qxe4+ Kh8 26. Qg6 b5 27. Nf7+ Rxf7 28. Qxf7 bxc4 29. Rd7 Nd5 30. Rd2 Qe8 31. Qxe8 Rxe8 32. Rd4 a5 33. Rb7 c3 34. Bc1 Be7 35. Kf1 c5 36. Ra4 cxb2 37. Bxb2 Rf8 38. Bc1 Rf5 39. Ra7 Rxe5 40. R7xa5 Rf5 41. Re4 e5 42. Bb2 Bd6 43. Ra8+ Kh7 44. Rd8 Nf6 45. Rc4 Be7 46. Rd3 g5 47. hxg5 hxg5 48. a4 Kg6 49. a5 Ne8 50. a6 Rf6 51. Rd7 Bf8 52. Ra4 Rb6 53. a7 Rxb2 54. a8Q 1-0

[Event "Subotica-ch op"]
[Site "Subotica"]
[Date "2017.03.10"]
[Round "8"]
[White "Janjusevic, Branislav"]
[Black "Jujic, Petra"]
[Result "1-0"]
[WhiteElo "1943"]
[BlackElo "1465"]
[PlyCount "53"]
[EventDate "2017.02.22"]
[EventType "swiss"]
[EventRounds "9"]
[EventCountry "SRB"]
[SourceTitle "CBM 177 Extra"]
[Source "ChessBase"]
[SourceDate "2017.04.27"]
[SourceVersion "1"]
[SourceVersionDate "2017.04.27"]
[SourceQuality "1"]

1. e4 d5 2. exd5 Qxd5 3. Nc3 Qd6 4. d4 Nf6 5. Nf3 g6 6. h3 Bg7 7. Bd3 0-0 8. Be3 Re8 9. 0-0 c6 10. Qd2 Nd5 11. Ne4 Qd8 12. Bh6 Bh8 13. c4 Nf6 14. Neg5 Bd7 15. Qf4 b5 16. cxb5 cxb5 17. Ne5 Qb6 18. Nexf7 Nc6 19. Nxh8 Kxh8 20. d5 Qd4 21. Be4 Nd8 22. Rfd1 Qb6 23. d6 Rc8 24. dxe7 Rxe7 25. Rd6 Nc6 26. Qxf6+ Kg8 27. Bd5+ 1-0

[Event "Subotica-ch op"]
[Site "Subotica"]
[Date "2017.03.01"]
[Round "4"]
[White "Janjusevic, Branislav"]
[Black "Szabados, Karoly"]
[Result "1/2-1/2"]
[WhiteElo "1943"]
[BlackElo "2103"]
[PlyCount "40"]
[EventDate "2017.02.22"]
[EventType "swiss"]
[EventRounds "9"]
[EventCountry "SRB"]
[SourceTitle "CBM 177 Extra"]
[Source "ChessBase"]
[SourceDate "2017.04.27"]
[SourceVersion "1"]
[SourceVersionDate "2017.04.27"]
[SourceQuality "1"]

1. e4 e6 2. d4 d5 3. exd5 exd5 4. Bd3 Nf6 5. h3 Bd6 6. Be3 0-0 7. Nf3 Re8 8. 0-0 Nbd7 9. Nbd2 h6 10. Re1 c6 11. Nf1 Ne4 12. Bxe4 dxe4 13. N3d2 Nf6 14. c4 Bf5 15. Ng3 Bg6 16. Ndf1 Qd7 17. Qd2 a5 18. Red1 Bc7 19. Bf4 Rad8 20. Bxc7 Qxc7 1/2-1/2

[Event "Subotica-ch op"]
[Site "Subotica"]
[Date "2017.02.24"]
[Round "2"]
[White "Janjusevic, Branislav"]
[Black "Tomic, Zoran S"]
[Result "1/2-1/2"]
[WhiteElo "1943"]
[BlackElo "1843"]
[PlyCount "99"]
[EventDate "2017.02.22"]
[EventType "swiss"]
[EventRounds "9"]
[EventCountry "SRB"]
[SourceTitle "CBM 177 Extra"]
[Source "ChessBase"]
[SourceDate "2017.04.27"]
[SourceVersion "1"]
[SourceVersionDate "2017.04.27"]
[SourceQuality "1"]

1. e4 e5 2. Nf3 d6 3. d4 exd4 4. Bc4 Be7 5. Qxd4 Nf6 6. Nc3 c6 7. Bf4 0-0 8. 0-0-0 b5 9. Be2 Ne8 10. e5 d5 11. Rdf1 a5 12. h4 Nc7 13. Bg5 Ne6 14. Bxe7 Qxe7 15. Qd2 Nd7 16. Re1 Re8 17. Nd1 Ndc5 18. Bd3 Nxd3+ 19. cxd3 Nf8 20. d4 Bf5 21. Ne3 Bd7 22. Kb1 Reb8 23. g4 Ne6 24. Nf5 Qb4 25. Qe3 Qf8 26. Ng5 h6 27. Nf3 c5 28. g5 h5 29. Nd6 c4 30. g6 fxg6 31. Rhg1 Qf4 32. Rxg6 Rf8 33. Rg3 b4 34. Reg1 Ra7 35. Ng5 Nxg5 36. Rxg5 Bg4 37. Qxf4 Rxf4 38. Rf1 a4 39. Ne8 Kh7 40. Nd6 a3 41. f3 axb2 42. Kxb2 Rxf3 43. Rxf3 Bxf3 44. e6 g6 45. Re5 Re7 46. Nc8 Re8 47. Nd6 Re7 48. Nc8 Re8 49. Nd6 Re7 50. Nc8 1/2-1/2

[Event "Palic Karadzic Memorial op"]
[Site "Palic"]
[Date "2016.10.31"]
[Round "4"]
[White "Janjusevic, Branislav"]
[Black "Ioannidis, Evgenios"]
[Result "0-1"]
[WhiteElo "1951"]
[BlackElo "2301"]
[PlyCount "48"]
[EventDate "2016.10.29"]
[EventType "swiss"]
[EventRounds "9"]
[EventCountry "SRB"]
[SourceTitle "CBM 175 Extra"]
[Source "ChessBase"]
[SourceDate "2016.12.12"]
[SourceVersion "1"]
[SourceVersionDate "2016.12.12"]
[SourceQuality "1"]

1. e4 c5 2. Nf3 d6 3. d4 cxd4 4. Nxd4 Nf6 5. Bd3 Nc6 6. Nxc6 bxc6 7. c4 g6 8. Nc3 Bg7 9. 0-0 0-0 10. h3 Nd7 11. Be3 Qa5 12. Bd2 Nc5 13. Bc2 Qb4 14. Bb3 Qb7 15. Qc2 f5 16. f3 f4 17. Be1 Rb8 18. Nd1 Nxb3 19. axb3 Qxb3 20. Qxb3 Rxb3 21. Rxa7 Bd4+ 22. Bf2 Bxa7 23. Bxa7 c5 24. Nc3 Be6 0-1

[Event "Senta op 20th"]
[Site "Senta"]
[Date "2016.07.23"]
[Round "3"]
[White "Besedes, Danilo"]
[Black "Janjusevic, Branislav"]
[Result "1-0"]
[WhiteElo "2306"]
[BlackElo "1933"]
[PlyCount "123"]
[EventDate "2016.07.22"]
[EventType "swiss"]
[EventRounds "9"]
[EventCountry "SRB"]
[SourceTitle "EXT 2017"]
[Source "ChessBase"]
[SourceDate "2016.10.25"]
[SourceVersion "1"]
[SourceVersionDate "2016.10.25"]
[SourceQuality "1"]

1. d4 d5 2. Nf3 Nf6 3. c4 e6 4. g3 c5 5. cxd5 exd5 6. Bg2 cxd4 7. 0-0 Be7 8. Nxd4 Nc6 9. Nc3 0-0 10. Bg5 Qb6 11. Nb3 d4 12. Bxf6 Bxf6 13. Nd5 Qd8 14. Nxf6+ Qxf6 15. Bxc6 Qxc6 16. Nxd4 Qb6 17. Qd2 Bh3 18. Rfd1 Rad8 19. Qc3 h6 20. Rd2 Rc8 21. Qb3 Qa5 22. Rd3 Qc5 23. Rad1 Rfe8 24. Qxb7 Rb8 25. Qf3 Qg5 26. R3d2 Rb6 27. Qa3 a6 28. Nf3 Qb5 29. Nd4 Qg5 30. Qc3 Rc8 31. Qe3 Qa5 32. Nb3 Qb5 33. Rd8+ Rxd8 34. Rxd8+ Kh7 35. Qd3+ Qxd3 36. Rxd3 Rc6 37. f3 Be6 38. Kf2 Rc2 39. Rc3 Rxb2 40. Nc5 Rxa2 41. Nxe6 fxe6 42. Re3 a5 43. Rxe6 a4 44. h4 a3 45. Ra6 Ra1 46. Ke3 a2 47. Kf4 Kg8 48. Ra7 Kf8 49. g4 Rh1 50. Rxa2 Rxh4 51. Kf5 Rh2 52. Kg6 Rf2 53. Ra8+ Ke7 54. Kxg7 Rxe2 55. Kxh6 Re3 56. f4 Kf7 57. f5 Kf6 58. Ra6+ Kf7 59. Kg5 Re8 60. Ra7+ Kf8 61. Kg6 Rb8 62. f6 1-0

[Event "Subotica-ch op"]
[Site "Subotica"]
[Date "2016.03.07"]
[Round "7"]
[White "Janjusevic, Branislav"]
[Black "Mak, Janos"]
[Result "1-0"]
[WhiteElo "1935"]
[BlackElo "1776"]
[PlyCount "65"]
[EventDate "2016.02.22"]
[EventType "swiss"]
[EventRounds "9"]
[EventCountry "SRB"]
[SourceTitle "CBM 171 Extra"]
[Source "ChessBase"]
[SourceDate "2016.04.26"]
[SourceVersion "1"]
[SourceVersionDate "2016.04.26"]
[SourceQuality "1"]

1. e4 e5 2. Nf3 Nc6 3. d4 exd4 4. Bc4 Bb4+ 5. c3 dxc3 6. bxc3 Bc5 7. Ng5 Ne5 8. Bxf7+ Nxf7 9. Nxf7 Bxf2+ 10. Ke2 d6 11. Nxd8 Bg4+ 12. Kxf2 Bxd1 13. Ne6 Kd7 14. Nxg7 Bc2 15. Re1 Nf6 16. Nd2 Rhg8 17. Nf5 Rgf8 18. Kg1 Nxe4 19. Nd4 Nxd2 20. Bxd2 Bd3 21. Re3 Bc4 22. Rg3 Rf7 23. h3 Re8 24. Re3 Rg8 25. Rf3 Rfg7 26. g4 Re8 27. a3 c5 28. Nf5 Rf7 29. Re1 Rg8 30. Kh2 Rg6 31. Rfe3 Be6 32. R1e2 Bxf5 33. gxf5 1-0

[Event "Subotica-ch op"]
[Site "Subotica"]
[Date "2016.03.04"]
[Round "6"]
[White "Rajic, Ivan"]
[Black "Janjusevic, Branislav"]
[Result "1-0"]
[WhiteElo "2007"]
[BlackElo "1935"]
[PlyCount "120"]
[EventDate "2016.02.22"]
[EventType "swiss"]
[EventRounds "9"]
[EventCountry "SRB"]
[SourceTitle "CBM 171 Extra"]
[Source "ChessBase"]
[SourceDate "2016.04.26"]
[SourceVersion "1"]
[SourceVersionDate "2016.04.26"]
[SourceQuality "1"]

1. e4 d5 2. exd5 Nf6 3. d4 Nxd5 4. c4 Nf6 5. Nf3 Bg4 6. Be2 e6 7. 0-0 Be7 8. Be3 c6 9. Nc3 a6 10. h3 Bh5 11. Qc2 0-0 12. Ne5 Bg6 13. Nxg6 hxg6 14. Bf3 Qc7 15. a3 Nbd7 16. b4 Rac8 17. Qd2 b5 18. cxb5 cxb5 19. Rfc1 Qb8 20. g4 Nb6 21. Ne4 Nc4 22. Qe2 Nxe4 23. Bxe4 f5 24. Bd3 Nxe3 25. Qxe3 Qd6 26. Be2 Bf6 27. Rd1 Rc2 28. Bf3 Bh4 29. Rd2 Rfc8 30. Rxc2 Rxc2 31. Rf1 Kh7 32. d5 exd5 33. Bg2 d4 34. Qb3 d3 35. gxf5 gxf5 36. Qf7 Qf4 37. Qh5+ Qh6 38. Qxf5+ Qg6 39. Qxg6+ Kxg6 40. Be4+ Kf6 41. Bxd3 Rc3 42. Be4 Rxh3 43. f3 Bg5 44. Kg2 Rh5 45. f4 Bh6 46. Kg3 Ke6 47. Rc1 g5 48. Rc6+ Ke7 49. fxg5 Bxg5 50. Kg4 Rh4+ 51. Kf5 Bd2 52. Ke5 Be3 53. Rxa6 Kd7 54. Bc6+ Kc7 55. Be4 Bd2 56. Rc6+ Kb8 57. Rb6+ Kc7 58. Rxb5 Rh5+ 59. Bf5 Kc6 60. Rc5+ Kb7 1-0

[Event "Subotica-ch op"]
[Site "Subotica"]
[Date "2016.02.29"]
[Round "4"]
[White "Pardic, Oliver"]
[Black "Janjusevic, Branislav"]
[Result "1-0"]
[WhiteElo "2188"]
[BlackElo "1935"]
[PlyCount "47"]
[EventDate "2016.02.22"]
[EventType "swiss"]
[EventRounds "9"]
[EventCountry "SRB"]
[SourceTitle "CBM 171 Extra"]
[Source "ChessBase"]
[SourceDate "2016.04.26"]
[SourceVersion "1"]
[SourceVersionDate "2016.04.26"]
[SourceQuality "1"]

1. Nf3 d5 2. d4 Nf6 3. e3 e6 4. Bd3 c5 5. c3 cxd4 6. exd4 Bd6 7. Nbd2 0-0 8. Ne5 Nc6 9. f4 Qb6 10. Qe2 Bd7 11. 0-0 Rad8 12. Ndf3 Bc8 13. Kh1 Ne7 14. g4 Qc7 15. Bd2 b6 16. g5 Bxe5 17. Nxe5 Ne4 18. Rf3 Nf5 19. Rg1 a6 20. Ng4 b5 21. Rh3 Qe7 22. Bxe4 dxe4 23. Nf6+ Qxf6 24. gxf6 1-0

[Event "Senta op 19th"]
[Site "Senta"]
[Date "2015.07.15"]
[Round "6"]
[White "Popov, Stevan"]
[Black "Janjusevic, Branislav"]
[Result "1-0"]
[WhiteElo "2153"]
[BlackElo "1968"]
[PlyCount "77"]
[EventDate "2015.07.11"]
[EventType "swiss"]
[EventRounds "9"]
[EventCountry "SRB"]
[SourceTitle "EXT 2016"]
[Source "ChessBase"]
[SourceDate "2015.10.08"]
[SourceVersion "1"]
[SourceVersionDate "2015.10.08"]
[SourceQuality "1"]

1. e4 d5 2. exd5 Nf6 3. Nc3 Nxd5 4. Bc4 e6 5. Nf3 Be7 6. 0-0 0-0 7. d4 a6 8. Qe2 Re8 9. a4 c6 10. Ne4 h6 11. Rd1 Nd7 12. Ne5 N7f6 13. Ng3 Qc7 14. c3 b6 15. Bd3 Bb7 16. f4 c5 17. Bd2 Bf8 18. Rac1 Qd6 19. Ne4 Nxe4 20. Bxe4 Qc7 21. g3 Rad8 22. Qg2 Ba8 23. c4 Nf6 24. Bxa8 Rxa8 25. d5 exd5 26. cxd5 b5 27. b3 Rad8 28. Bc3 Rd6 29. Rd2 Red8 30. Nc6 Re8 31. Be5 Ng4 32. Bxd6 Bxd6 33. Re2 Re3 34. Rxe3 Nxe3 35. Qe4 Ng4 36. axb5 axb5 37. Ra1 c4 38. Ra8+ Bf8 39. Ne7+ 1-0

[Event "Subotica-ch"]
[Site "Subotica"]
[Date "2015.03.06"]
[Round "9"]
[White "Sijan, Branko"]
[Black "Janjusevic, Branislav"]
[Result "0-1"]
[WhiteElo "1803"]
[BlackElo "1943"]
[PlyCount "46"]
[EventDate "2015.02.16"]
[EventType "swiss"]
[EventRounds "9"]
[EventCountry "SRB"]
[SourceTitle "CBM 165 Extra"]
[Source "ChessBase"]
[SourceDate "2015.04.21"]
[SourceVersion "1"]
[SourceVersionDate "2015.04.21"]
[SourceQuality "1"]

1. e4 d5 2. exd5 Nf6 3. d4 Nxd5 4. Bc4 e6 5. Nf3 Bd6 6. 0-0 0-0 7. Nc3 c6 8. Nxd5 exd5 9. Bd3 Bg4 10. h3 Bh5 11. c3 Nd7 12. Re1 h6 13. Qc2 Bxf3 14. gxf3 Qh4 15. Kg2 Nf6 16. Rg1 Nh5 17. Kf1 Qxh3+ 18. Ke1 Rfe8+ 19. Kd1 Bh2 20. Rg4 f5 21. Rg6 Qxf3+ 22. Be2 Qh1+ 23. Kd2 Bf4+ 0-1

[Event "Subotica-ch"]
[Site "Subotica"]
[Date "2015.02.16"]
[Round "1"]
[White "Janjusevic, Branislav"]
[Black "Pacal, Mihaly"]
[Result "1/2-1/2"]
[WhiteElo "1943"]
[BlackElo "2092"]
[PlyCount "25"]
[EventDate "2015.02.16"]
[EventType "swiss"]
[EventRounds "9"]
[EventCountry "SRB"]
[SourceTitle "CBM 165 Extra"]
[Source "ChessBase"]
[SourceDate "2015.04.21"]
[SourceVersion "1"]
[SourceVersionDate "2015.04.21"]
[SourceQuality "1"]

1. e4 e5 2. Nf3 Nc6 3. d4 exd4 4. Nxd4 Nxd4 5. Qxd4 Qf6 6. Qxf6 Nxf6 7. e5 Nd5 8. c3 Be7 9. g3 0-0 10. Bg2 Nb6 11. 0-0 d6 12. exd6 Bxd6 13. Be3 1/2-1/2

[Event "Subotica-ch"]
[Site "Subotica"]
[Date "2014.03.10"]
[Round "9"]
[White "Lanji, Laslo"]
[Black "Janjusevic, Branislav"]
[Result "1-0"]
[WhiteElo "1839"]
[BlackElo "1965"]
[PlyCount "52"]
[EventDate "2014.02.19"]
[EventType "swiss"]
[EventRounds "9"]
[EventCountry "SRB"]
[SourceTitle "CBM 159 Extra"]
[Source "ChessBase"]
[SourceDate "2014.04.24"]
[SourceVersion "1"]
[SourceVersionDate "2014.04.24"]
[SourceQuality "1"]

1. d4 d5 2. Nf3 e6 3. Nc3 a6 4. g3 Bd6 5. Bg2 Nf6 6. Bg5 h6 7. Be3 Nbd7 8. a3 c5 9. dxc5 Nxc5 10. Bd4 0-0 11. e3 Ncd7 12. Bxf6 Nxf6 13. Ne2 e5 14. c3 Be6 15. 0-0 Qb6 16. Qc2 Rac8 17. b4 Qb5 18. Rfe1 Rc7 19. Qb2 Rfc8 20. Bf1 Qc6 21. Nd2 Qa4 22. Rec1 Qd7 23. Bg2 Qb5 24. Nb1 Bg4 25. Bf1 Qd7 26. Nd2 Qf5 1-0